| 000 | 00677nam a2200205Ia 4500 | ||
|---|---|---|---|
| 003 | GCL | ||
| 008 | 140319s9999 xx 000 0 ara d | ||
| 040 |
_aGCL / _cGCL |
||
| 082 | 0 | 4 |
_a910.02 _bج ع |
| 100 | 1 | _aجودة حسنين جودة | |
| 245 | 1 | 0 |
_aالعالم العربى: دراسة فى الجغرفيا الاقليمية / _cجودة حسنين جودة |
| 260 |
_a[S.N] : _bدار المعرفة الجامعية ، _c1990 |
||
| 300 | _a681 ص | ||
| 490 | _a | ||
| 650 | 0 | 4 | _aالجغرافيا الطبيعية |
| 650 | 0 | 4 | _aالجغرافيا |
| 650 | 0 | 4 | _aالجيولوجيا البنائية |
| 650 | 0 | 4 | _aالمناخ الحيوى |
| 942 |
_2ddc _cBK |
||
| 999 |
_c58302 _d58302 |
||